000 00771nam a2200325Ia 4500
005 20260514124359.0
008 008 261405s9999 xx 000 0 eng d
037 _aThesis
040 _aCRL
040 _beng
040 _cCRL
041 _2eng
041 _aeng
084 _qCRL
100 _aMajor Arora Dr.Aman
_91239723
245 0 _aStudy of Etiology and Management of Incisional Hernias.
260 _aDelhi
260 _bUniversity of Delhi
260 _c2016
300 _a113p.
502 _bPh.D.
502 _cUniversity of Delhi
502 _d2016
541 _oThesis
650 _aGeneral Surgery
700 _aCol N Kannan
_91239724
710 _aGeneral Surgery
_91239711
942 _cTH
999 _c1851774
_d1851774